00574nam a2200181Ia 450000500170000000800410001704000190005804100120007708200150008924500950010426000270019930000120022644000390023865000190027765100630029670000230035985000100038220230104114322.0131103s9999 xx 000 0 und d aLoreto College aEnglish a821.7bKEA aSelecttion from the poems of John Keats and Percy Bysshe Shelleycedited by Richard Wilson aLondonbJ.M.Dentc1932 a256 p.  aThe kings treasuries Of Literature aEnglish Poetry a1800 - 1837 - Romantic,Keats John and Shelley,Percy Bysshe aWilson,Richard,ed. aLCLIB